000 00361nam a2200133Ia 4500
005 20260326235448.0
008 260326s9999||||xx |||||||||||||| ||und||
100 _aSegovia Salas, Rodolfo
245 4 _aThe Fortifications of Cartagena de Indias /
_cRodolfo Segovia Salas
260 _bTercer Mundo Editores
300 _a82 p.
650 _aHISTORIA
942 _cBK
999 _c7649
_d7649